000 00687nam a2200193 i 4500
001 80112
003 ES-MaACL
005 20250728051540.0
007 t|
008 041026s1964 sp |||| | spa d
100 1 _aHirschman, Albert O.
_963815
245 1 0 _aEstudios sobre política económica en América Latina
_b: (en ruta hacia el progreso) /
_cAlbert O. Hirschman ; traducción del inglés por Manuel Aguilar González.
260 _aMadrid :
_bAguilar,
_c1964.
300 _aXII, 550 p. ;
_c22 cm.
651 4 _aAmérica Latina-
_xPolítica económica
_97751
700 1 _aAguilar González, Manuel.
_918726
852 _aES-MaACL
_jC-25903
999 _c80112
_d80112